Fenomén "úniku mozgov" v kontexte slovenského školstva ponúknuť možnosti sebarealizácie
Podoba, rozsah a dôvody migrácie ako vplyvu ekonomického, politického a spoločenského zázemia materskej krajiny. Únik mozgov (brain-drain). Negatívne a pozitívne dôsledky. Mladí ľudia a zahraničné skúsenosti. Porovnávanie situácie s EÚ.
Salvato in:
| Autore principale: | |
|---|---|
| Natura: | Capitolo di libro |
| Lingua: | slovacco |
| Soggetti: | |
| Tags: |
Nessun Tag, puoi essere il primo ad aggiungerne!!
|
MARC
| LEADER | 00000naa$a2200000$$$4500 | ||
|---|---|---|---|
| 001 | 0116208 | ||
| 005 | 20231127102146.9 | ||
| 041 | 0 | |a slo | |
| 044 | |a SK | ||
| 245 | 1 | 0 | |a Fenomén "úniku mozgov" v kontexte slovenského školstva |b ponúknuť možnosti sebarealizácie |c Tatiana Soroková |
| 520 | |a Podoba, rozsah a dôvody migrácie ako vplyvu ekonomického, politického a spoločenského zázemia materskej krajiny. Únik mozgov (brain-drain). Negatívne a pozitívne dôsledky. Mladí ľudia a zahraničné skúsenosti. Porovnávanie situácie s EÚ. | ||
| 610 | 2 | 0 | |a školstvo |
| 610 | 2 | 0 | |a školy stredné |
| 610 | 2 | 0 | |a školy vysoké |
| 610 | 2 | 0 | |a vzdelanie odborné |
| 610 | 2 | 0 | |a vzdelanie vysokoškolské |
| 610 | 2 | 0 | |a vzdelanosť |
| 610 | 2 | 0 | |a sebarealizácia |
| 610 | 2 | 0 | |a absolventi |
| 610 | 2 | 0 | |a migrácia |
| 610 | 2 | 0 | |a imigrácia |
| 610 | 2 | 0 | |a obyvateľstvo aktívne |
| 610 | 2 | 0 | |a demografia ekonomická |
| 610 | 2 | 0 | |a demografia sociálna |
| 100 | 1 | |a Soroková, Tatiana | |